50 municípios mais populosos do Amazonas - Statistics

Estatísticas Gerais
  • Esse quiz foi jogado 35 vezes
  • A pontuação média é 26 de 50
Estatísticas das Respostas
# População Letra Cidade % Correto
1 2.063.547 M Manaus
100%
4 96.372 P Parintins
89%
2 103.598 I Itacoatiara
84%
6 70.496 C Coari
79%
12 51.795 S São Gabriel da Cachoeira
79%
5 73.669 T Tefé
79%
10 57.473 H Humaitá
74%
13 45.448 L Lábrea
74%
3 101.883 M Manacapuru
74%
22 30.668 P Presidente Figueiredo
74%
16 35.447 B Boca do Acre
68%
11 53.914 M Manicoré
68%
7 66.764 T Tabatinga
68%
41 18.831 B Barcelos
63%
9 60.993 I Iranduba
63%
15 37.648 B Benjamin Constant
58%
8 61.204 M Maués
58%
19 32.967 S São Paulo de Olivença
58%
14 41.582 A Autazes
53%
18 33.056 B Borba
53%
17 33.170 E Eirunepé
53%
45 17.107 M Manaquiri
53%
25 27.062 N Nova Olinda do Norte
53%
47 15.866 A Alvarães
47%
35 20.647 A Apuí
47%
27 25.172 J Jutaí
47%
31 23.817 N Novo Aripuanã
47%
39 19.373 P Pauini
47%
28 24.936 R Rio Preto da Eva
47%
42 18.626 U Urucará
47%
43 17.194 A Anori
42%
20 31.065 B Barreirinha
42%
34 20.718 B Beruri
42%
46 16.869 C Canutama
42%
21 30.792 C Careiro
42%
37 19.638 C Careiro da Várzea
42%
26 25.871 F Fonte Boa
42%
48 15.761 N Novo Airão
42%
38 19.599 T Tapauá
42%
30 23.945 U Urucurituba
42%
33 23.549 C Codajás
37%
44 17.186 E Envira
37%
29 24.311 I Ipixuna
37%
49 15.520 M Maraã
37%
24 28.211 S Santo Antônio do Içá
37%
40 19.247 T Tonantins
37%
50 15.314 A Atalaia do Norte
32%
23 28.742 C Carauari
32%
32 23.785 B Boa Vista do Ramos
21%
36 20.135 N Nhamudá
5%
Nenhum quiz correspondente encontrado
Distribuição das Pontuações
Porcentagem de Pessoas com Cada Pontuação
Percentil de Números Respondidos
Sua Pontuação Histórica
Você não jogou esse quiz